000 00660nam a2200205Ii 4500
003 JO-AjNU
008 230606s9999||||xx |||||||||||||| ||und||
020 _a978-0-470-01489-9 / 0-470-01489-x
040 _aJO-AjNU
_beng
_erda
_cJO-AjNU
041 _aeng
050 1 4 _aHF5691.M335 2006
100 3 _aCox,Dennis / Cox Michael,
_eauthor
_91866
245 0 4 _aThe Mathematics of Banking and Finance
264 3 1 _aEngland: John Wiley andSons inc,2006
300 _a295p
_bIncludes appendix indexes(p279-295)
336 _atext
_btxt
_2rdacontent
337 _aunmediated
_bn
_2rdamedia
338 _avolume
_bnc
_2rdacarrier
650 4 _aBusiness Mathematics
_91867
999 _aE983
_c983
_d983